Statistics for MLB Teams by Pictures

Click here to take the quiz!

General Stats

  • This quiz has been taken 126 times
  • The average score is 21 of 30

Answer Stats

Answer% Correct
Tampa Bay Rays
95%
Miami Marlins
94%
Minnesota Twins
93%
Toronto Blue Jays
91%
Boston Red Sox
88%
Chicago Cubs
87%
Detroit Tigers
85%
Chicago White Sox
85%
St. Louis Cardinals
84%
Pittsburgh Pirates
84%
Houston Astros
81%
Los Angeles Angels
79%
Baltimore Orioles
77%
Philadelphia Phillies
76%
Milwaukee Brewers
76%
Colorado Rockies
74%
Arizona Diamondbacks
73%
Washington Nationals
69%
New York Mets
68%
Cincinnati Reds
66%
Cleveland Indians
60%
San Diego Padres
60%
Kansas City Royals
59%
Seattle Mariners
48%
Atlanta Braves
47%
Oakland Athletics
47%
New York Yankees
44%
San Francisco Giants
39%
Los Angeles Dodgers
35%
Texas Rangers
23%

Score Distribution

Percentile by Number Answered

Percent of People with Each Score

Your Score History

You have not taken this quiz